[Event "EThessaloniki SSTH HALK-ch U16"]
[Site "Thessaloniki"]
[Date "2017.11.05"]
[Round "3.3"]
[White "Kafandaris, Pavlos"]
[Black "Pehlivanidis, Mihail"]
[Result "1-0"]
[WhiteElo "1240"]
[BlackElo "1140"]
[PlyCount "65"]
[EventDate "2017.10.01"]
[EventType "swiss"]
[EventRounds "6"]
[EventCountry "GRE"]
[SourceTitle "EXT 2024"]
[Source "ChessBase"]
[SourceDate "2023.10.10"]
[SourceVersion "1"]
[SourceVersionDate "2023.10.10"]
[SourceQuality "1"]

1. d4 d5 2. Bf4 Nf6 3. e3 c6 4. Nf3 Bf5 5. Bd3 Bg6 6. 0-0 e6 7. c4 Nbd7 8. Nc3 Be7 9. Rc1 0-0 10. cxd5 exd5 11. Bxg6 hxg6 12. Ne5 Kh7 13. Qf3 Rh8 14. Nxf7 Qe8 15. Nxh8 Qxh8 16. Qh3+ Kg8 17. Qxh8+ Kxh8 18. Bg5 Kh7 19. Bxf6 Nxf6 20. f3 Rh8 21. Ne2 Kg8 22. h3 Bd6 23. Kf2 g5 24. Rh1 Kh7 25. Ng3 Re8 26. Rce1 Kg6 27. Re2 Nd7 28. h4 g4 29. h5+ Kg5 30. f4+ Kf6 31. h6 Kg6 32. hxg7 Kxg7 33. Nf5+ 1-0